zpět

Detail výsledku týmu

Suzie's, Brno

Datum a čas kvízu

27 Celkem bodů Celkový počet nahraných bodů na tomto kvízu bez doplňovacích otázek.
5. Pořadí na kvízu Konečné umístění týmu na tomto kvízu.

Zaznamenané odpovědi

# Otázka Odpověď Body Výsledky
1. Obyvatelé brněnské části Slati... křeček (polní) 0
2. V pondělním rozhovoru pro míst... Černá Hora 1
3. V sobotu proběhl velkolepý kon... Rio de Janeiro 1
4. Minulý týden byl na aukci v ji... (zlaté) hodinky 0
5. V neděli se konal tradiční Pra... 29. ročník, Staroměstské náměstí 0.5
6. Vítězné téma facebookového hla... Méďové 0
7. Jak se jmenoval herec, který v... Ladislav Trojan 0
8. Který zahraniční dětský seriál... Tlapková patrola 1
9. „Chip, Chip, Chip, Chip a Dale... tajně vinu svou 1
10. Ze které země pochází seriál V... z Japonska 0